Welcome to CU Library Online Public Access Catalogue (OPAC)

The legal environment of business / (Record no. 3113)

MARC details
000 -LEADER
fixed length control field 00738pam a2200229 a 4500
001 - CONTROL NUMBER
control field 4835663
005 - DATE AND TIME OF LATEST TRANSACTION
control field 20250127190539.0
008 - FIXED-LENGTH DATA ELEMENTS--GENERAL INFORMATION
fixed length control field 900621s1991 ilua b 001 0 eng
020 ## - INTERNATIONAL STANDARD BOOK NUMBER
International Standard Book Number 0256080232 (hardcover)
050 00 - LIBRARY OF CONGRESS CALL NUMBER
Classification number KF1600
Item number .B43 1991
082 00 - DEWEY DECIMAL CLASSIFICATION NUMBER
Classification number 343.73/08
-- 347.3038
Edition information 20
100 1# - MAIN ENTRY--PERSONAL NAME
Personal name Blackburn, John D.
245 14 - TITLE STATEMENT
Title The legal environment of business /
Statement of responsibility, etc. John D. Blackburn, Elliot I. Klayman, Martin H. Malin.
250 ## - EDITION STATEMENT
Edition statement 4th ed.
260 ## - PUBLICATION, DISTRIBUTION, ETC.
Place of publication, distribution, etc. Homewood, IL :
Name of publisher, distributor, etc. Irwin,
Date of publication, distribution, etc. c1991.
300 ## - PHYSICAL DESCRIPTION
Extent xviii, 780 p. :
Other physical details ill. ;
Dimensions 24 cm.
650 #0 - SUBJECT ADDED ENTRY--TOPICAL TERM
Topical term or geographic name entry element Industrial laws and legislation
Geographic subdivision United States.
650 #0 - SUBJECT ADDED ENTRY--TOPICAL TERM
Topical term or geographic name entry element Trade regulation
Geographic subdivision United States.
700 1# - ADDED ENTRY--PERSONAL NAME
Personal name Klayman, Elliot I.
700 1# - ADDED ENTRY--PERSONAL NAME
Personal name Malin, Martin H.
942 ## - ADDED ENTRY ELEMENTS (KOHA)
Source of classification or shelving scheme Library of Congress Classification
Koha item type Books
Suppress in OPAC No
999 ## -
-- 3113
-- 3113
Holdings
Withdrawn status Lost status Source of classification or shelving scheme Damaged status Not for loan Collection Home library Current library Shelving location Date acquired Total checkouts Full call number Barcode Date last seen Date last checked out Copy number Uniform resource identifier Price effective from Koha item type
    Library of Congress Classification     Non-fiction Law Library (Christ Temple) Business Library (Miotso) General stacks 01/27/2025 1 KF1600 BLA LLCT00000318 10/07/2025 10/07/2025 1 KF1600.B43 BLA 01/27/2025 Books
    Library of Congress Classification     Non-fiction Law Library (Christ Temple) Law Library (Christ Temple) General stacks 01/27/2025   KF1600 BLA LLCT00000319 01/27/2025   2 KF1600.B43 BLA 01/27/2025 Books
© 2023-2024 Copyright: Central University Libraries. All Rights Reserved | Created by: Mahone Tech Office